| 000 | 00357 a2200157 4500 | ||
|---|---|---|---|
| 001 | 162865 | ||
| 020 | _a | ||
| 040 | _cMagnum | ||
| 100 | _aStienecker, David L. | ||
| 240 | 1 | 0 |
_aAdicao: problemas, jogos e enigmas _lpor |
| 245 | 1 | 0 | _aAdicao: problemas, jogos e enigmas |
| 362 | 0 | _a1899 | |
| 440 | 1 | _aModerna | |
| 697 | _aIJ/PARADIDATICO | ||
| 942 | _cBK | ||
| 999 |
_c162865 _d162865 |
||